La Pasión del Señor / (Record no. 113940)

MARC details
000 -LEADER
campo de control de longitud fija 00699nam a2200229 i 4500
001 - NÚMERO DE CONTROL
campo de control 113940
003 - IDENTIFICADOR DE NÚMERO DE CONTROL
campo de control ES-MaACL
005 - FECHA Y HORA DE LA ÚLTIMA TRANSACCIÓN
campo de control 20250820042741.0
007 - CAMPO FIJO DE DESCRIPCIÓN FÍSICA--INFORMACIÓN GENERAL
campo de control de longitud fija t|
008 - DATOS DE LONGITUD FIJA--INFORMACIÓN GENERAL
campo de control de longitud fija 061121s1977 sp |||| | spa d
100 1# - ENTRADA PRINCIPAL--NOMBRE DE PERSONA
Nombre de persona Palma, Luis de la.
9 (RLIN) 88612
245 13 - MENCIÓN DEL TÍTULO
Título La Pasión del Señor /
Mención de responsabilidad, etc. Luis de la Palma ; [traducción al lenguaje actual por Pedro Antonio Urbina].
250 ## - MENCION DE EDICION
Mención de edición 6ª ed.
260 ## - PUBLICACIÓN, DISTRIBUCIÓN, ETC.
Lugar de publicación, distribución, etc. Madrid :
Nombre del editor, distribuidor, etc. Palabra,
Fecha de publicación, distribución, etc. 1977.
300 ## - DESCRIPCIÓN FÍSICA
Extensión 265 p. ;
Dimensiones 18 cm.
490 1# - MENCIÓN DE SERIE
Mención de serie Cuadernos palabra
600 04 - PUNTO DE ACCESO ADICIONAL DE MATERIA--NOMBRE DE PERSONA
Nombre de persona Jesucristo-
Subdivisión general Pasión
9 (RLIN) 66375
700 1# - ENTRADA AGREGADA--NOMBRE PERSONAL
Nombre de persona Urbina, Pedro Antonio.
9 (RLIN) 112093
830 0# - PUNTO DE ACCESO ADICIONAL DE SERIE-TÍTULO UNIFORME
Título uniforme Cuadernos palabra
9 (RLIN) 181500
852 ## - LOCALIZACIÓN
Ubicación ES-MaACL
Número de control de estantería A-6860
Holdings
Estatus retirado Estado de pérdida Estado de daño No para préstamo Biblioteca de origen Biblioteca actual Ubicación en estantería Fecha de adquisición Fuente de adquisición Total de préstamos Signatura topográfica completa Código de barras Visto por última vez Precio de reemplazo Tipo de ítem Koha
        Biblioteca del Ateneo de Madrid Biblioteca del Ateneo de Madrid Sala Pecera Planta 1 17/01/2008     A-6860 1118828 23/02/2023 23/02/2023 Libro impreso